| 000 | 00000nam 22000008i 4500 |
| 001 | 9.927981 |
| 003 | CaOODSP |
| 005 | 20240408081515 |
| 006 | m o d f |
| 007 | cr cn||||||||| |
| 008 | 230320t20232023onco o f000 0 cpf d |
| 020 | |a9780660681436 |
| 040 | |aCaOODSP|beng|erda|cCaOODSP |
| 043 | |an-cn--- |
| 086 | 1 |aCi4-243/2023Cpf-PDF |
| 245 | 00|a[Welcome to Canada] : |b[foreign credential recognition]. |
| 250 | |a[Creole edition]. |
| 264 | 1|a[Ottawa] : |bImmigration, Refugees and Citizenship Canada = Immigration, Réfugiés et Citoyenneté Canada, |c[2023] |
| 264 | 4|c©2023 |
| 300 | |a1 online resource (2 unnumbered pages) : |bcolour photographs |
| 336 | |atext|btxt|2rdacontent |
| 337 | |acomputer|bc|2rdamedia |
| 338 | |aonline resource|bcr|2rdacarrier |
| 500 | |aEnglish title supplied by the publisher. |
| 500 | |aIssued also in English under title: Welcome to Canada : foreign credential recognition. |
| 546 | |aText in Creole. |
| 650 | 5|aForeign credential recognition|zCanada. |
| 650 | 0|aImmigrants|xGovernment policy|zCanada. |
| 650 | 0|aForeign workers|xGovernment policy|zCanada. |
| 650 | 0|aStudents, Foreign|xGovernment policy|zCanada. |
| 710 | 1 |aCanada. |bImmigration, Refugees and Citizenship Canada, |eissuing body. |
| 775 | 08|tWelcome to Canada : |w(CaOODSP)9.921116 |
| 792 | |t[Bienvenue au Canada] : |efre|w(CaOODSP)9.927983 |
| 856 | 40|qPDF|s672 KB|uhttps://publications.gc.ca/collections/collection_2024/ircc/Ci4-243-2023-cpf.pdf |
| 986 | |aIRCC 2860-09-2023 |